Bustān, (Record no. 46716)

MARC details
000 -LEADER
fixed length control field 00758cam a22002411 4500
001 - CONTROL NUMBER
control field ne 64000415
003 - CONTROL NUMBER IDENTIFIER
control field DLC
005 - DATE AND TIME OF LATEST TRANSACTION
control field 20260227111756.0
008 - FIXED-LENGTH DATA ELEMENTS--GENERAL INFORMATION
fixed length control field 900920q19001964ua 000 0 arar
010 ## - LIBRARY OF CONGRESS CONTROL NUMBER
LC control number ne 64000415
025 ## - OVERSEAS ACQUISITION NUMBER
Overseas acquisition number PL480:UAR-2071
035 ## - SYSTEM CONTROL NUMBER
System control number (OCoLC)22410420
040 ## - CATALOGING SOURCE
Original cataloging agency DLC
Transcribing agency WaU
Modifying agency DLC
041 1# - LANGUAGE CODE
Language code of text/sound track or separate title ara
Language code of original per
042 ## - AUTHENTICATION CODE
Authentication code premarc
050 00 - LIBRARY OF CONGRESS CALL NUMBER
Classification number PK6540
Item number .B2 1961
100 0# - MAIN ENTRY--PERSONAL NAME
Personal name Saʻdī.
245 10 - TITLE STATEMENT
Title Bustān,
Statement of responsibility, etc. li-shāʻir al-insānīyah Saʻdī al-Shirāzī.
260 ## - PUBLICATION, DISTRIBUTION, ETC.
Place of publication, distribution, etc. [al-Qāhirah]
Name of publisher, distributor, etc. Maktabat al-Anjlū al-Miṣrīyah
Date of publication, distribution, etc. [19--]
300 ## - PHYSICAL DESCRIPTION
Extent v.
Dimensions 21 cm.
490 0# - SERIES STATEMENT
Series statement Silsilat rawāʼiʻ al-adab al-Fārisī,
Volume/sequential designation 3
505 1# - FORMATTED CONTENTS NOTE
Formatted contents note al-Juzʼ al-thānī: Bāb al-iḥsān, al-naṣṣ wa-tarjamatuhu li-Muḥammad Mūsá Hindāwī --

No items available.

Powered by Koha